<?xml version="1.0" encoding="UTF-8"?>
<record
    xmlns:xsi="http://www.w3.org/2001/XMLSchema-instance"
    xsi:schemaLocation="http://www.loc.gov/MARC21/slim http://www.loc.gov/standards/marcxml/schema/MARC21slim.xsd"
    xmlns="http://www.loc.gov/MARC21/slim">

  <leader>00809naa a2200145 i 4500</leader>
  <controlfield tag="001">10410</controlfield>
  <controlfield tag="003">KOSZ 005</controlfield>
  <controlfield tag="005">20180421114633.0</controlfield>
  <controlfield tag="008">180316s2008    pl ||||f |||| 00| 0 pol d</controlfield>
  <datafield tag="040" ind1=" " ind2=" ">
    <subfield code="a">KOSZ 005/HR</subfield>
    <subfield code="c">KOSZ 005/HR</subfield>
  </datafield>
  <datafield tag="100" ind1="1" ind2=" ">
    <subfield code="a">CZERWI&#x143;SKA-JA&#x15A;KIEWICZ, Ma&#x142;gorzata.</subfield>
    <subfield code="d">2002 - .</subfield>
    <subfield code="b">Politechnika Koszali&#x144;ska - Instytut Ekonomii i Zarz&#x105;dzania,</subfield>
    <subfield code="c">Zak&#x142;ad Marketingu</subfield>
  </datafield>
  <datafield tag="245" ind1="1" ind2="0">
    <subfield code="a">Rola kapita&#x142;u ludzkiego w podejmowaniu aktywno&#x15B;ci spo&#x142;ecznej na obszarach wiejskich Pomorza &#x15A;rodkowego /</subfield>
    <subfield code="c">Ma&#x142;gorzata Czerwi&#x144;ska.</subfield>
  </datafield>
  <datafield tag="773" ind1="0" ind2=" ">
    <subfield code="i">W :</subfield>
    <subfield code="t">Pomorze &#x15A;rodkowe - spo&#x142;ecze&#x144;stwo, wie&#x15B;, gospodarka : wybrane problemy / [red. nauk. Danuta Zawadzka]. -</subfield>
    <subfield code="d">Koszalin : Polskie Towarzystwo Ekonomiczne. Oddzia&#x142; : Fundacja Nauka dla &#x15A;rodowiska. Politechnika Koszali&#x144;ska, 2008. -</subfield>
    <subfield code="g">s. 89-108</subfield>
  </datafield>
  <datafield tag="942" ind1=" " ind2=" ">
    <subfield code="2">UKD</subfield>
    <subfield code="c">ROZ</subfield>
  </datafield>
  <datafield tag="999" ind1=" " ind2=" ">
    <subfield code="c">10410</subfield>
    <subfield code="d">10410</subfield>
  </datafield>
</record>
